000 00456nam a2200181Ia 4500
005 20250423095413.0
008 250422s9999 xx 000 0 und d
020 _a9780320148
050 _aPE 1112 . E84/
100 _aEshiotse, S. G.
245 0 _aFoundational grammar of english language for schools and colleges
260 _aIbadan
260 _bStirling- Horden Pub.
260 _c2014
300 _a78 p
650 _aGrammar
942 _cBK
999 _c30169
_d30169